Photonics elements & Devices (Record no. 1469)

MARC details
000 -LEADER
fixed length control field 00421nam a2200157Ia 4500
008 - FIXED-LENGTH DATA ELEMENTS--GENERAL INFORMATION
fixed length control field 230312s9999||||xx |||||||||||||| ||und||
020 ## - INTERNATIONAL STANDARD BOOK NUMBER
International Standard Book Number 8185614512
082 ## - DEWEY DECIMAL CLASSIFICATION NUMBER
Classification number 621.36
Item number RAM-P
100 ## - MAIN ENTRY--PERSONAL NAME
Personal name Rampal V.V
245 #0 - TITLE STATEMENT
Title Photonics elements & Devices
260 ## - PUBLICATION, DISTRIBUTION, ETC.
Name of publisher, distributor, etc. Wheeler
Place of publication, distribution, etc. Allahabad
Date of publication, distribution, etc. 1992
300 ## - PHYSICAL DESCRIPTION
Extent 330
546 ## - LANGUAGE NOTE
Language note Eng.
650 ## - SUBJECT ADDED ENTRY--TOPICAL TERM
Topical term or geographic name entry element Engineering
Form subdivision Non-linear optics, Fibre and integrated optics, Devices
942 ## - ADDED ENTRY ELEMENTS (KOHA)
Koha item type BOOK
Holdings
Withdrawn status Lost status Source of classification or shelving scheme Damaged status Not for loan Home library Current library Date acquired Total Checkouts Full call number Barcode Date last seen Price effective from Koha item type
    Dewey Decimal Classification     Superior Information Resource Center (SIRC) Superior University- Main Campus Superior Information Resource Center (SIRC) Superior University- Main Campus 03/13/2023   621.36 RAM-P 1479 03/13/2023 03/13/2023 BOOK

Powered by Koha